书目信息 |
| 题名: |
离散数学
|
|
| 作者: | 杨炳儒 编著 | |
| 分册: | ||
| 出版信息: | 北京 人民邮电出版社 2006.12 |
|
| 页数: | 351页 | |
| 开本: | 26cm | |
| 丛书名: | ||
| 单 册: | ||
| 中图分类: | O158 | |
| 科图分类: | ||
| 主题词: | 离散数学--li san shu xue--高等学校--教材 | |
| 电子资源: | ||
| ISBN: | 7-115-14442-7 | |
| 000 | 00872nam0 2200253 450 | |
| 001 | 012007172532 | |
| 005 | 20071108094842.82 | |
| 010 | @a7-115-14442-7@dCNY32.00 | |
| 100 | @a20071107d2006 km y0chiy0120 ea | |
| 101 | 0 | @achi |
| 102 | @aCN@b110000 | |
| 105 | @ay a 000yy | |
| 106 | @ar | |
| 200 | 1 | @a离散数学@Ali san shu xue@f杨炳儒编著@Fyang bing ru bian zhu |
| 210 | @a北京@c人民邮电出版社@d2006.12 | |
| 215 | @a351页@d26cm | |
| 300 | @a高等学校21世纪教材 | |
| 320 | @a有书目。 | |
| 330 | @a本书是在“知识逻辑结构核心论”创新性教学思想的指导下,经过多年的教学实践形成的,是对“离散数学”教学内容与方法改革的探索。全书按数理逻辑、集合论、代数结构、图论四部分主题演绎铺展。 | |
| 606 | 0 | @a离散数学@Ali san shu xue@x高等学校@j教材 |
| 690 | @aO158@v4 | |
| 701 | 0 | @a杨炳儒@Ayang bing ru@4编著 |
| 801 | 0 | @aCN@b@c20071108 |
| 905 | @b266017-19@dO158@eY145@f3 | |
| 离散数学/杨炳儒编著.-北京:人民邮电出版社,2006.12 |
| 351页;26cm |
| 高等学校21世纪教材 |
| ISBN 7-115-14442-7:CNY32.00 |
| 本书是在“知识逻辑结构核心论”创新性教学思想的指导下,经过多年的教学实践形成的,是对“离散数学”教学内容与方法改革的探索。全书按数理逻辑、集合论、代数结构、图论四部分主题演绎铺展。 |
| ● |
| 相关链接 |
|
|
|
正题名:离散数学
索取号:O158/Y145
 
预约/预借
| 序号 | 登录号 | 条形码 | 馆藏地/架位号 | 状态 | 备注 |
| 1 | 266017 | 202660174 | 自科库401/401自科库 42排7列1层/ [索取号:O158/Y145] | 在馆 | |
| 2 | 266018 | 202660183 | 自科库401/401自科库 42排7列1层/ [索取号:O158/Y145] | 在馆 | |
| 3 | 266019 | 202660192 | 自科库401/401自科库 42排7列1层/ [索取号:O158/Y145] | 在馆 |